000 00407nam a2200169Ia 4500
999 _c84375
_d84375
003 0100
005 20170404105639.0
008 130307s9999 xx 000 0 und d
040 _cARRUPELIB
050 _aBX4700.S65K41940a
100 _aKeyes, Frances Parkinson
_929624
245 _aBernadette of lourdes
245 _bShepherdess, Sister and Saint
260 _aLondon
260 _bBurns Oates
260 _c1940a
300 _a158p
600 _aBernadette Soubirous, St.
_929610
942 _2lcc
_cMONOGRAPH